| 000 | 00472nam a2200157Ia 4500 | ||
|---|---|---|---|
| 008 | 220204s9999 xx 000 0 und d | ||
| 020 | _a1933699027 | ||
| 082 |
_a575:631.523 _bJAI.8 |
||
| 100 | _aJaiwal, Pawan K | ||
| 245 | 0 | _aPlant genetic engineering. V. 8. Metabolic engineering and molecular farming. II | |
| 260 |
_aUSA _bStadium Press _c2006 |
||
| 650 | _aBioindustrial products | ||
| 650 | _aBiopharmaceutical products | ||
| 700 | _aSingh, Rana P | ||
| 942 | _cBK | ||
| 999 |
_c42639 _d42639 |
||